| 000 | 01102ngm a2200277 a 4500 | ||
|---|---|---|---|
| 005 | 20220317001257.0 | ||
| 008 | 160825s1989 ck g 000 0 spa | ||
| 082 | 0 | 4 |
_a791.436 _bM14rd |
| 100 | 1 |
_aGaviria, Víctor _d1955- |
|
| 245 | 1 | 0 |
_aRodrigo D. no futuro _cdirección Victor Gaviria _hvideograbación |
| 250 | _a1a. edición | ||
| 300 |
_a1 videocsaete en VHS (91 minutos) _bsonido, color _c20 cm |
||
| 490 |
_aLa maleta _ppelículas colombianas |
||
| 500 | _aLa película pertenece a la colección La Maleta. Dirigida para un público adulto | ||
| 650 | 1 | 4 |
_2LEMB _aPelículas cinematográficas colombianas _vVideocasetes |
| 650 | 1 | 4 |
_2LEMB _aViolencia en el cine _vVideocasetes |
| 650 | 1 | 4 |
_2LEMB _aMuerte en el cine _vVideocasetes |
| 650 | 1 | 4 |
_2LEMB _aDrogadicción en el cine _vVideocasetes |
| 700 | 1 |
_aGaviria, Víctor _d1955- _968606 |
|
| 942 |
_2ddc _cVIDEOCASET |
||
| 264 |
_aBogotá _bMinisterio de Cultura _c1989 |
||
| 336 |
_atexto _btxt _2rdacontent |
||
| 337 |
_asin mediación _bn _2rdamedia |
||
| 338 |
_avolumen _bnc _2rdacarrier |
||
| 040 |
_aCO-BoRNBP _bspa _erda _cCO-BoRNBP |
||
| 999 |
_c6467 _d6467 |
||